[Event "Cup Greece (final)"]
[Site "masterchessopen.com Greece"]
[Round "0"]
[White "Anagnostopoulos Dimitri (GRE)"]
[Black "Kotronias Vasilios (GRE)"]
[Result "0-1"]
[WhiteElo "2515"]
[BlackElo "2585"]

1.e4 c5 2.Nf3 Nc6 3.d4 cxd4 4.Nxd4 Nf6 5.Nc3 d6 6.Bg5 e6 7.Qd2 Be7 8.O-O-O O-O
9.f4 Nxd4 10.Qxd4 Qa5 11.Qd2 b6 12.Kb1 Bb7 13.Bd3 Rfd8 14.h4 Rac8 15.Qe2 Rxc3
16.bxc3 h6 17.c4 Qb4+ 18.Kc1 d5 19.Bxf6 Bxf6 20.e5 Be7 21.Rh3 Rc8 22.cxd5 Bxd5
23.Rf1 Qa3+ 24.Kd1 Qxa2 25.Qd2 Qa4 26.Rg3 Bb4 27.Qc1 Bc3 28.h5 b5 29.Rh1 a5
30.Ke2 Qb4 31.Qe3 Bd4 32.Qd2 Qxd2+ 33.Kxd2 Bc3+ 34.Ke2 b4 35.Bb5 Rc5 36.Ba4
Rc4 37.Kd3 Rd4+ 38.Ke3 Be4 39.Rhh3 {#R} 0-1

[Event "It"]
[Site "masterchessopen.com Kecskemet (Hungary)"]
[Round "3"]
[White "Videki Sandor (HUN)"]
[Black "Schnitzspan Lothar (GER)"]
[Result "1-0"]
[WhiteElo "2440"]
[BlackElo "2295"]

1.e4 c5 2.Nf3 d6 3.d4 cxd4 4.Nxd4 Nf6 5.Nc3 Nc6 6.Bg5 e6 7.Qd2 Be7 8.O-O-O
Nxd4 9.Qxd4 O-O 10.f4 Qa5 11.Bc4 Bd7 12.e5 dxe5 13.fxe5 Bc6 14.Bd2 Nd7 15.Nd5
Qd8 16.Nxe7+ Qxe7 17.Rhe1 Qc5 18.Qf4 Rfc8 19.Bd3 a5 20.Qg3 Rc7 21.Kb1 Rac8
22.Rc1 Qd5 23.Bh6 Qxg2 24.Qh4 g6 25.Rcd1 Bb5 26.Rd2 Qc6 27.Bxb5 Qxb5 28.Rxd7
{#r} 1-0

[Event "It (cat.4)"]
[Site "masterchessopen.com London (England)"]
[Round "9"]
[White "McDonald Neil R (ENG)"]
[Black "Wall Tim (ENG)"]
[Result "1-0"]
[WhiteElo "2490"]
[BlackElo "2375"]

1.e4 c5 2.Nf3 d6 3.d4 cxd4 4.Nxd4 Nf6 5.Nc3 Nc6 6.Bg5 e6 7.Qd2 Be7 8.O-O-O
Nxd4 9.Qxd4 O-O 10.f4 Qa5 11.Kb1 Rd8 12.Qd2 Qc7 13.Bd3 h6 14.h4 Bd7 15.g4 Rac8
16.Bxf6 Bxf6 17.Ne2 Qb6 18.c3 Ba4 19.Rdf1 d5 20.e5 Be7 21.f5 Bc5 22.Rh3 d4
23.c4 Bb4 24.Qf4 Rc5 25.fxe6 Qxe6 26.Nxd4 Rxd4 27.Qxd4 Rxe5 28.Qd8+ Bf8
29.Rhh1 Bc6 30.Rhg1 Re3 31.Ka1 b5 32.cxb5 Bd5 33.Bb1 Re2 34.Rc1 Qe5 35.Rc2
Rxc2 36.Bxc2 Qh2 37.Rd1 Bf3 38.Qd3 {#r} 1-0

[Event "Ch Croatia (team) (2nd league)"]
[Site "masterchessopen.com Medulin (Croatia)"]
[Round "0"]
[White "Bubalovic Davorin (CRO)"]
[Black "Lisenko Alexander V (RUS)"]
[Result "0-1"]
[WhiteElo "2340"]
[BlackElo "2375"]

1.e4 c5 2.Nf3 Nc6 3.d4 cxd4 4.Nxd4 Nf6 5.Nc3 d6 6.Bg5 e6 7.Qd2 Be7 8.O-O-O
Nxd4 9.Qxd4 O-O 10.f4 Qa5 11.Bc4 Bd7 12.Rd3 Rfd8 13.Rg3 Kh8 14.e5 dxe5 15.fxe5
Be8 16.Qe3 Ng8 17.Rf1 h6 18.Bxe7 Nxe7 19.Bd3 Rac8 20.Rf6 Ng8 21.Rf4 Qc5 22.Qe2
g6 23.h4 Rd4 24.Rxd4 Qxd4 25.Rg4 Qg1+ 26.Kd2 h5 27.Rg5 Nh6 28.Ne4 Qh2 29.Qe3
Kg7 30.Rxh5 Qxg2+ 31.Be2 gxh5 {#R} 0-1

[Event "It (open)"]
[Site "masterchessopen.com Metz (France)"]
[Round "5"]
[White "Nezar Mustapha (FRA)"]
[Black "Inkiov Ventzislav (BUL)"]
[Result "0-1"]
[WhiteElo "2225"]
[BlackElo "2480"]

1.e4 c5 2.Nf3 d6 3.d4 cxd4 4.Nxd4 Nf6 5.Nc3 Nc6 6.Bg5 e6 7.Qd2 Be7 8.O-O-O
Nxd4 9.Qxd4 O-O 10.f4 Qa5 11.Bc4 Bd7 12.Rd3 Bc6 13.Rg3 Kh8 14.e5 dxe5 15.fxe5
Rfd8 16.Qe3 Ng8 17.h4 Rd7 18.Bxe7 Nxe7 19.Bd3 Nf5 20.Bxf5 exf5 21.Re1 h6
22.Qf4 Be4 23.Rge3 Rad8 24.a3 Rd4 25.Nxe4 fxe4 26.Rxe4 Qxe1+ 27.Rxe1 Rxf4 {#R}
0-1

[Event "Cup Glorney (a)"]
[Site "masterchessopen.com Oakham (England)"]
[Round "4"]
[White "Haslinger Stewart (ENG)"]
[Black "Houzelle Vincent (FRA)"]
[Result "1-0"]
[WhiteElo "2200"]
[BlackElo "2191"]

1.e4 c5 2.Nf3 d6 3.d4 cxd4 4.Nxd4 Nf6 5.Nc3 Nc6 6.Bg5 e6 7.Qd2 Be7 8.O-O-O
Nxd4 9.Qxd4 O-O 10.f4 Qa5 11.Kb1 Rd8 12.Be2 Bd7 13.e5 dxe5 14.fxe5 Nd5 15.Nxd5
Bxg5 16.Qg4 exd5 17.Qxg5 Bb5 18.Bh5 d4 19.Qf4 Bc4 20.b3 Qb6 21.Rd2 Rac8
22.Rhd1 d3 23.cxd3 Rd4 24.Qf5 Be6 25.Bxf7+ Bxf7 26.Qxc8+ Rd8 27.Qc3 a5 28.Rc1
Ra8 29.d4 a4 30.b4 a3 31.d5 h6 32.e6 Bg6+ 33.Ka1 Kh7 34.d6 Qd8 35.d7 Qe7
36.Qd4 Rd8 37.Rc8 Qf8 38.Rxd8 Qxd8 39.e7 Qc7 40.Rd1 {#r} 1-0

[Event "It (cat.10)"]
[Site "masterchessopen.com Olomouc (Czech Republic)"]
[Round "10"]
[White "Kalod Radek (CZE)"]
[Black "Babula Vlastimil (CZE)"]
[Result "0-1"]
[WhiteElo "2430"]
[BlackElo "2545"]

1.e4 c5 2.Nf3 Nc6 3.d4 cxd4 4.Nxd4 Nf6 5.Nc3 d6 6.Bg5 e6 7.Qd2 Be7 8.O-O-O O-O
9.f4 Nxd4 10.Qxd4 Qa5 11.Bc4 Bd7 12.e5 dxe5 13.fxe5 Bc6 14.Bd2 Bc5 15.Qh4 Nd7
16.Ne4 Qd8 17.Qf4 Bd4 18.Bc3 Bxc3 19.Nxc3 Qa5 20.Rhe1 b5 21.Rd6 Rac8 22.Bd3 b4
23.Rxc6 bxc3 24.b4 Qa3+ 25.Kd1 Rxc6 26.Qe4 Rfc8 27.Qxh7+ Kf8 28.Re4 Qxa2 29.h4
Rc4 30.Rxc4 Rxc4 31.Bxc4 Qxc4 {#R} 0-1

[Event "It (open) \"]
[Site "masterchessopen.com Pardubice (Czech Republic)"]
[Round "6"]
[White "Delchev Aleksander (BUL)"]
[Black "Babula Vlastimil (CZE)"]
[Result "1-0"]
[WhiteElo "2525"]
[BlackElo "2545"]

1.e4 c5 2.Nf3 d6 3.d4 cxd4 4.Nxd4 Nf6 5.Nc3 Nc6 6.Bg5 e6 7.Qd2 Be7 8.O-O-O O-O
9.f4 Nxd4 10.Qxd4 Qa5 11.Qd2 h6 12.h4 b5 13.Bxb5 Rb8 14.Bc4 Bb7 15.Rh3 Rfc8
16.Bb3 Bd8 17.Bxf6 Bxf6 18.g4 Bxc3 19.Rxc3 Rxc3 20.Qxc3 Qxc3 21.bxc3 Bxe4
22.Rxd6 Rb7 23.Kd2 Bf3 24.g5 Kh7 25.Ke3 Bh1 26.f5 hxg5 27.hxg5 Rb5 28.g6+ fxg6
29.fxe6 Re5+ 30.Kf4 Re4+ 31.Kg3 Re2 32.Bc4 Re3+ 33.Kf2 Re5 34.a4 Be4 35.Bd3
Bf5 36.Bc4 a5 37.Rd5 Re4 38.Rd4 {#r} 1-0

[Event "It (open)"]
[Site "masterchessopen.com Sao Paulo (Brazil)"]
[Round "7"]
[White "Matsuura Everaldo (BRA)"]
[Black "Tsuboi Edson Kenji (BRA)"]
[Result "1-0"]
[WhiteElo "2390"]
[BlackElo "2345"]

1.e4 c5 2.Nf3 d6 3.d4 cxd4 4.Nxd4 Nf6 5.Nc3 Nc6 6.Bg5 e6 7.Qd2 Be7 8.O-O-O O-O
9.f4 Nxd4 10.Qxd4 Qa5 11.Bb5 a6 12.e5 dxe5 13.fxe5 Nd5 14.Bxe7 Nxe7 15.Bd3 Nc6
16.Qh4 g6 17.Ne4 Qxe5 18.Nf6+ Kg7 19.Rhf1 h6 20.Kb1 Qg5 21.Qf2 e5 22.h4 Qf4
23.Qe1 Qb4 24.Qg3 Be6 25.a3 Qa5 26.h5 g5 27.Nh7 Rg8 28.Nxg5 hxg5 29.Qxg5+ Kf8
30.Qf6 Nd4 31.h6 Qd5 32.c4 Qc5 33.h7 Bxc4 {#r} 1-0

[Event "Ch St. Petersburg"]
[Site "masterchessopen.com St. Petersburg (Russia)"]
[Round "8"]
[White "Khalifman Alexander (RUS)"]
[Black "Sosonko Gennadi (NED)"]
[Result "1-0"]
[WhiteElo "2655"]
[BlackElo "2505"]

1.e4 c5 2.Nf3 d6 3.d4 cxd4 4.Nxd4 Nf6 5.Nc3 Nc6 6.Bg5 e6 7.Qd2 Be7 8.O-O-O
Nxd4 9.Qxd4 O-O 10.f4 Qa5 11.Bc4 Bd7 12.e5 dxe5 13.fxe5 Bc6 14.Bd2 Nd7 15.Nd5
Qd8 16.Nxe7+ Qxe7 17.Rhe1 Rfd8 18.Qg4 Nc5 19.Bg5 Rxd1+ 20.Rxd1 Qf8 21.Qh4 Nd7
22.Re1 Qe8 23.Qg4 Nf8 24.h4 Kh8 25.h5 h6 26.Bf6 {#r} 1-0

[Event "Cup Yugoslavia (team) (w)"]
[Site "masterchessopen.com Ulcinj (Yugoslavia)"]
[Round "4"]
[White "Gaponenko Inna (UKR)"]
[Black "Prudnikova Svetlana (SRB)"]
[Result "0-1"]
[WhiteElo "2365"]
[BlackElo "2385"]

1.e4 c5 2.Nf3 Nc6 3.d4 cxd4 4.Nxd4 Nf6 5.Nc3 d6 6.Bg5 e6 7.Qd2 Be7 8.O-O-O
Nxd4 9.Qxd4 O-O 10.f4 Qa5 11.Bc4 Bd7 12.e5 dxe5 13.fxe5 Bc6 14.Rhe1 Nd5
15.Bxe7 Nxe7 16.Bf1 Rad8 17.Qe3 Nf5 18.Qf4 Rxd1+ 19.Rxd1 Rd8 20.Rxd8+ Qxd8
21.Bd3 Nh4 22.g3 Nf3 23.b4 g5 24.Qe3 Qd4 25.Qxd4 Nxd4 26.b5 Bg2 27.a4 b6
28.Be4 Bxe4 29.Nxe4 Nf3 30.c4 Nxe5 31.c5 bxc5 32.Nxg5 Nd7 33.Kc2 Kg7 34.a5 h6
35.Ne4 f5 36.b6 Nxb6 37.Nxc5 Nc4 38.Kc3 Nxa5 39.Kb4 Nc6+ 40.Kb5 Nd4+ 41.Kc4
Nf3 {#R} 0-1

[Event "It (open)"]
[Site "masterchessopen.com Vlissingen (Netherlands)"]
[Round "7"]
[White "Tagnon Nicole (FRA)"]
[Black "Bliek Wouter (NED)"]
[Result "0-1"]
[WhiteElo "2095"]
[BlackElo "2159"]

1.e4 c5 2.Nf3 Nc6 3.d4 cxd4 4.Nxd4 Nf6 5.Nc3 d6 6.Bg5 e6 7.Qd2 Be7 8.O-O-O O-O
9.f4 Nxd4 10.Qxd4 Qa5 11.Be2 Rd8 12.Rhe1 Bd7 13.Kb1 Rac8 14.Qe3 Rc5 15.Bh4 Be8
16.Bf2 Rdc8 17.Rd3 b5 18.Qc1 Rxc3 19.Rxc3 Rxc3 20.bxc3 Nxe4 21.Bd4 Nxc3+
22.Bxc3 Qxc3 23.a3 Bf6 24.Ka2 a5 25.Rd1 b4 26.axb4 axb4 27.g4 g6 28.f5 Ba4
29.fxe6 fxe6 30.h4 b3+ 31.Ka3 b2+ {#R} 0-1

[Event "It (open)"]
[Site "masterchessopen.com Bad Wiessee (Germany)"]
[Round "6"]
[White "Schneider Heiko (GER)"]
[Black "Danzer George (GER)"]
[Result "1-0"]
[WhiteElo "2212"]
[BlackElo "2179"]

1.e4 c5 2.Nf3 Nc6 3.d4 cxd4 4.Nxd4 Nf6 5.Nc3 d6 6.Bg5 e6 7.Qd2 Be7 8.O-O-O
Nxd4 9.Qxd4 O-O 10.f4 Qa5 11.Qd3 Bd7 12.e5 dxe5 13.Bxf6 Bxf6 14.Qxd7 exf4
15.Qd2 Be5 16.Kb1 Rac8 17.Ne4 Qb6 18.c3 f5 19.Ng5 Bxc3 20.Qe2 h6 21.Qxe6+ Qxe6
22.Nxe6 Rf6 23.Nxf4 Rb6 24.b3 Kf7 25.Nd5 {#r} 1-0

[Event "It (sheveningen)"]
[Site "masterchessopen.com Cairo (Egypt)"]
[Round "9"]
[White "Cherevatenko Roman (UKR)"]
[Black "Yasseen Aly (EGY)"]
[Result "1-0"]
[WhiteElo "2410"]
[BlackElo "2315"]

1.e4 c5 2.Nf3 d6 3.d4 cxd4 4.Nxd4 Nf6 5.Nc3 Nc6 6.Bg5 e6 7.Qd2 Be7 8.O-O-O
Nxd4 9.Qxd4 O-O 10.f4 Qa5 11.Bc4 Bd7 12.Rhe1 Bc6 13.Bb3 Rfd8 14.Kb1 Qc7 15.f5
Ng4 16.Bxe7 Qxe7 17.fxe6 fxe6 18.Nd5 Bxd5 19.exd5 Ne5 20.dxe6 b5 21.Rxe5 {#r}
1-0

[Event "Zt"]
[Site "masterchessopen.com Dresden (Germany)"]
[Round "4"]
[White "Gallagher Joseph G (SUI)"]
[Black "Baumegger Siegfried (AUT)"]
[Result "1-0"]
[WhiteElo "2525"]
[BlackElo "2360"]

1.e4 c5 2.Nf3 Nc6 3.d4 cxd4 4.Nxd4 Nf6 5.Nc3 d6 6.Bg5 e6 7.Qd2 Be7 8.O-O-O O-O
9.f4 Nxd4 10.Qxd4 Qa5 11.Bc4 Bd7 12.e5 dxe5 13.fxe5 Bc6 14.Bd2 Nd7 15.Nd5 Qd8
16.Nxe7+ Qxe7 17.Rhe1 Nb6 18.Bf1 Rfd8 19.Qg4 Qc5 20.Qb4 Qxb4 21.Bxb4 Nd5
22.Bd2 b5 23.Bg5 Rdc8 24.Rd4 a5 25.c3 a4 26.a3 h6 27.Bd2 Nb6 28.Rg4 h5 29.Rh4
g6 30.Bg5 Nd7 31.g4 Bf3 32.gxh5 Bxh5 33.Bxb5 Nc5 34.Bf6 Kf8 35.Be2 Ke8 36.Rd1
{#r} 1-0

[Event "Olympiad"]
[Site "masterchessopen.com Elista (Russia)"]
[Round "5"]
[White "Imanaliev T (KGZ)"]
[Black "Supatashvili Khvicha (GEO)"]
[Result "0-1"]
[WhiteElo "2415"]
[BlackElo "2495"]

1.e4 c5 2.Nf3 d6 3.d4 cxd4 4.Nxd4 Nf6 5.Nc3 Nc6 6.Bg5 e6 7.Qd3 Be7 8.O-O-O
Nxd4 9.Qxd4 O-O 10.f4 Qa5 11.Kb1 h6 12.Bh4 e5 13.Qd2 Nxe4 14.Nxe4 Qxd2 15.Rxd2
Bxh4 16.g3 Be7 17.Bc4 exf4 18.gxf4 Be6 19.Bd5 Bxd5 20.Rxd5 Rad8 21.c4 f5
22.Nc3 a6 23.Rd3 Rfe8 24.Rhd1 Rc8 25.b3 Bf8 26.Rg1 Kf7 27.Nd5 Re6 28.Ne3 g6
29.Nd5 Bg7 30.Rd2 Re4 31.a4 a5 32.Rdg2 Bd4 33.Rd1 Bc5 34.Rd3 Rce8 35.Kc2 Re1
36.Rd1 R8e2+ 37.Rxe2 Rxe2+ 38.Rd2 Re1 39.Rd1 Re4 40.Kd3 g5 41.Rf1 g4 42.Kd2 h5
43.Re1 Bb4+ 44.Nxb4 Rxe1 45.Kxe1 axb4 {#R} 0-1

[Event "Ch Finland (team) 1997/98"]
[Site "masterchessopen.com Finland"]
[Round "0"]
[White "Lehtinen Antti (FIN)"]
[Black "Lassila Erkki (FIN)"]
[Result "0-1"]
[WhiteElo "2193"]
[BlackElo "2310"]

1.e4 c5 2.Nc3 Nc6 3.Nge2 d6 4.d4 cxd4 5.Nxd4 Nf6 6.Bg5 e6 7.Qd2 Be7 8.O-O-O
Nxd4 9.Qxd4 O-O 10.f4 Qa5 11.Bc4 Bd7 12.Rd3 Rad8 13.Rg3 Kh8 14.e5 dxe5 15.fxe5
Bc6 16.Qf4 Nh5 17.Qh4 Nxg3 18.hxg3 Bxg5+ 19.Qxg5 Qc5 20.Bd3 f5 21.Qg6 Qe3+
22.Kb1 Qg1+ 23.Rxg1 hxg6 24.Kc1 g5 25.g4 g6 26.gxf5 gxf5 27.g4 f4 28.Kd2 Kg7
29.Ke2 Rh8 30.Ne4 Rh2+ 31.Ke1 Rxd3 32.cxd3 Bxe4 {#R} 0-1

[Event "Ch France (team) (2) 1997/98"]
[Site "masterchessopen.com France"]
[Round "5"]
[White "Bardel Stephan (FRA)"]
[Black "Wauters Alain (FRA)"]
[Result "0-1"]
[WhiteElo "2242"]
[BlackElo "2120"]

1.e4 c5 2.Nf3 d6 3.d4 cxd4 4.Nxd4 Nf6 5.Nc3 Nc6 6.Bg5 e6 7.Qd2 Be7 8.O-O-O O-O
9.f4 Nxd4 10.Qxd4 Qa5 11.Bb5 h6 12.Bh4 Rd8 13.e5 dxe5 14.Qxe5 a6 15.Be2 Qb6
16.Rxd8+ Bxd8 17.Rd1 Bd7 18.f5 exf5 19.Nd5 Nxd5 20.Bxd8 Qxd8 21.Rxd5 Qg5+
22.Kb1 Bc6 23.Rd3 Re8 24.Qc3 Rxe2 25.Rg3 Qf6 {#R} 0-1

[Event "Ch France (team) (2) 1997/98"]
[Site "masterchessopen.com France"]
[Round "0"]
[White "Machin Guillaume (FRA)"]
[Black "Janotta Patrick (FRA)"]
[Result "0-1"]
[WhiteElo "2128"]
[BlackElo "2140"]

1.e4 c5 2.Nf3 d6 3.d4 cxd4 4.Nxd4 Nf6 5.Nc3 Nc6 6.Bg5 e6 7.Qd2 Be7 8.f4 O-O
9.O-O-O Nxd4 10.Qxd4 Qa5 11.Qd2 a6 12.Kb1 Qc7 13.Bd3 b5 14.Rde1 b4 15.Nd1 a5
16.Ne3 Ba6 17.e5 dxe5 18.fxe5 Nd5 19.Nxd5 exd5 20.Bxe7 Qxe7 21.Bxa6 Rxa6
22.Qxd5 Rd8 23.Qc4 Rg6 24.g3 Re6 25.Qb5 Qc7 26.Re2 Rc6 27.Rf2 Rc5 28.Qe2 Rxe5
29.Qf3 Qe7 30.Rff1 a4 31.Rc1 Re3 32.Qc6 a3 33.b3 Qe5 34.c3 Qf5+ 35.Ka1 Qf2
36.Rb1 Re2 {#R} 0-1

[Event "It (open)"]
[Site "masterchessopen.com Goteborg (Sweden)"]
[Round "3"]
[White "Jepson Christian (SWE)"]
[Black "Mossakowski Florian (GER)"]
[Result "1-0"]
[WhiteElo "2365"]
[BlackElo "2215"]

1.e4 c5 2.Nf3 Nc6 3.d4 cxd4 4.Nxd4 Nf6 5.Nc3 d6 6.Bg5 e6 7.Qd2 Be7 8.O-O-O O-O
9.f4 Nxd4 10.Qxd4 Qa5 11.Bc4 Bd7 12.e5 dxe5 13.fxe5 Bc6 14.Bd2 Nd7 15.Nd5 Qd8
16.Nxe7+ Qxe7 17.Rhe1 Rfd8 18.Qg4 Nf8 19.Bd3 Rxd3 20.cxd3 Qd7 21.Bb4 Ng6
22.Kb1 Bd5 23.Bd6 f5 24.Qd4 Bxg2 25.Rg1 Bd5 26.Rc1 Bc6 27.h4 Nf8 28.Rg3 Qf7
29.Rcg1 g6 30.Qf4 Rd8 31.h5 Rxd6 32.exd6 Qf6 33.hxg6 hxg6 34.Re3 Kg7 35.Ka1
Nh7 36.Rh3 g5 37.d4 g4 38.Rxg4+ {#r} 1-0

[Event "It (open)"]
[Site "masterchessopen.com Groningen (Netherlands)"]
[Round "6"]
[White "Baron Rodriguez Jesus (ESP)"]
[Black "Meins Gerlef (GER)"]
[Result "0-1"]
[WhiteElo "2350"]
[BlackElo "2455"]

1.e4 c5 2.Nf3 Nc6 3.d4 cxd4 4.Nxd4 Nf6 5.Nc3 d6 6.Bg5 e6 7.Qd2 Be7 8.O-O-O
Nxd4 9.Qxd4 O-O 10.f4 Qa5 11.Bc4 Bd7 12.e5 dxe5 13.fxe5 Bc6 14.Bd2 Bc5 15.Qh4
Nd7 16.Rhe1 Qc7 17.Bd3 g6 18.Ne4 Bxe4 19.Rxe4 Rfc8 20.Bc3 Bf8 21.Rf1 Nc5
22.Ref4 Nxd3+ 23.cxd3 Qxe5 24.Rxf7 Rxc3+ 25.Kd2 Rxd3+ 26.Kxd3 Bg7 27.Qb4 Rd8+
28.Kc2 Qe2+ 29.Kb3 Qxb2+ {#R} 0-1

[Event "It (open)"]
[Site "masterchessopen.com Groningen (Netherlands)"]
[Round "5"]
[White "Hoffmann Michael (GER)"]
[Black "Peek Marcel (NED)"]
[Result "1-0"]
[WhiteElo "2440"]
[BlackElo "2335"]

1.e4 c5 2.Nf3 d6 3.d4 cxd4 4.Nxd4 Nf6 5.Nc3 Nc6 6.Bg5 e6 7.Qd2 Be7 8.O-O-O
Nxd4 9.Qxd4 O-O 10.f4 Qa5 11.Bc4 Bd7 12.e5 dxe5 13.fxe5 Bc6 14.Bd2 Nd7 15.Nd5
Qd8 16.Nxe7+ Qxe7 17.Rhe1 Rfd8 18.Qg4 Nf8 19.Bd3 Rxd3 20.cxd3 Qd7 21.Bb4 Ng6
22.Bd6 f5 23.Qg5 Bd5 24.b3 Qc6+ 25.Kb2 Qb6 26.g3 Qf2+ 27.Qd2 Qxd2+ 28.Rxd2 Re8
29.Rc1 h5 30.Rc5 f4 31.Rf2 fxg3 32.hxg3 h4 33.gxh4 Nxh4 34.Rxd5 exd5 35.Kc3 g6
36.Kd4 Nf5+ 37.Kxd5 Kf7 38.Rf4 Rd8 39.Rb4 Nxd6 40.exd6 Rd7 41.Rc4 {#r} 1-0

[Event "It (open)"]
[Site "masterchessopen.com Hallstahammar (Sweden)"]
[Round "6"]
[White "Lindberg Bengt (SWE)"]
[Black "Nilsson Mattias (SWE)"]
[Result "1-0"]
[WhiteElo "2305"]
[BlackElo "2255"]

1.e4 c5 2.Nf3 d6 3.d4 cxd4 4.Nxd4 Nf6 5.Nc3 Nc6 6.Bg5 e6 7.Qd2 Be7 8.O-O-O
Nxd4 9.Qxd4 O-O 10.f4 Qa5 11.Bc4 Bd7 12.e5 dxe5 13.fxe5 Bc6 14.Bd2 Nd7 15.Nd5
Qd8 16.Nxe7+ Qxe7 17.Rhe1 Rfd8 18.Qg4 Nf8 19.Bd3 Rxd3 20.cxd3 Qd7 21.Bb4 Qd5
22.Bxf8 Rxf8 23.Kb1 Qxg2 24.Qxg2 Bxg2 25.Rg1 Bc6 26.Kc2 f5 27.exf6 Rxf6
28.Rdf1 Rh6 29.Rf2 Rh3 30.Rg3 Rh4 31.Kd2 h6 32.Ke3 Bd5 33.a3 g5 34.h3 Kg7
35.Rh2 Rf4 36.h4 Kg6 37.hxg5 hxg5 38.Rh8 e5 39.Rd8 Be6 40.Rd6 Kf6 41.Rxg5 Kxg5
42.Rxe6 Kf5 43.Re7 Rh4 44.Rxb7 a5 45.Rb5 a4 46.Kd2 Rh8 47.d4 Rd8 48.Rxe5+ Kf6
49.Kc3 Rb8 50.Ra5 Rc8+ {#r} 1-0

[Event "It (open) \"]
[Site "masterchessopen.com Hawaii (USA)"]
[Round "1"]
[White "Gufeld Eduard (USA)"]
[Black "Ashton Jeff (USA)"]
[Result "1-0"]
[WhiteElo "2465"]
[BlackElo "2285"]

1.e4 c5 2.Nf3 Nc6 3.d4 cxd4 4.Nxd4 Nf6 5.Nc3 d6 6.Bg5 e6 7.Qd2 Be7 8.O-O-O O-O
9.f4 Nxd4 10.Qxd4 Qa5 11.Bd3 h6 12.h4 e5 13.Qg1 hxg5 14.hxg5 Ng4 15.Nd5 Bd8
16.Rh4 exf4 17.Qh1 Nh6 18.Rxh6 {#r} 1-0

[Event "?"]
[Site "masterchessopen.com Internet"]
[Round "0"]
[White "Kovacs Laszlo M (HUN)"]
[Black "Druon Roger (FRA)"]
[Result "1-0"]
[WhiteElo "2345"]
[BlackElo "2102"]

1.e4 c5 2.Nf3 d6 3.d4 cxd4 4.Nxd4 Nf6 5.Nc3 Nc6 6.Bg5 e6 7.Qd2 Be7 8.O-O-O O-O
9.f4 Nxd4 10.Qxd4 Qa5 11.Qd2 h6 12.h4 Nxe4 13.Nxe4 Qxd2+ 14.Rxd2 hxg5 15.hxg5
f5 16.Nxd6 {#r} 1-0

[Event "Ch Russia (juniors) (under 18) (g)"]
[Site "masterchessopen.com Kolontaevo (Russia)"]
[Round "5"]
[White "Molchanova Tatjana (RUS)"]
[Black "Mikliaeva Darja S (RUS)"]
[Result "1-0"]
[WhiteElo "2346"]
[BlackElo "2138"]

1.e4 c5 2.Nf3 d6 3.d4 cxd4 4.Nxd4 Nf6 5.Nc3 Nc6 6.Bg5 e6 7.Qd2 Be7 8.O-O-O O-O
9.f4 Nxd4 10.Qxd4 Qa5 11.Bc4 Bd7 12.e5 dxe5 13.fxe5 Bc6 14.Bd2 Nd7 15.Nd5 Qd8
16.Nxe7+ Qxe7 17.Rhe1 Qc5 18.Qf4 Rfc8 19.Bc3 b5 20.Bd3 a5 21.Re3 b4 22.Bd2 Qe7
23.Rh3 Nf8 24.Qg4 Bd5 25.Bg5 Qc7 26.Qh4 f5 27.exf6 g6 28.f7+ Qxf7 29.Rf1 Qc7
30.Be7 Ra7 31.Rxf8+ {#r} 1-0

[Event "Ch Netherlands (juniors) (under 20)"]
[Site "masterchessopen.com Leiden (Netherlands)"]
[Round "0"]
[White "Vink Nico (NED)"]
[Black "Blokhuis Jeroen (NED)"]
[Result "1-0"]
[WhiteElo "2285"]
[BlackElo "2240"]

1.e4 c5 2.Nf3 Nc6 3.d4 cxd4 4.Nxd4 Nf6 5.Nc3 d6 6.Bg5 e6 7.Qd2 Be7 8.O-O-O
Nxd4 9.Qxd4 O-O 10.f4 Qa5 11.Be2 Rd8 12.Bf3 e5 13.Qd2 Be6 14.Kb1 b6 15.f5 Bc4
16.Bxf6 gxf6 17.Be2 Rac8 18.Bxc4 Rxc4 19.Nd5 Qxd2 20.Rxd2 Rd7 21.Re1 Bd8 22.b3
Rc5 23.Re3 b5 24.Rg3+ Kh8 25.Rg4 Rc8 26.Rd3 Be7 27.Kb2 Rg8 28.Rxg8+ Kxg8
29.Rc3 Bd8 30.Rc8 Kg7 31.Ka3 Ba5 32.Rb8 Bb6 33.Kb4 Bc7 34.Rc8 {#r} 1-0

[Event "Ch Peru (1/2 final)"]
[Site "masterchessopen.com Lima (Peru)"]
[Round "1"]
[White "Munoz Marco (HON)"]
[Black "Robledo Manuel (PER)"]
[Result "0-1"]
[WhiteElo "2114"]
[BlackElo "2206"]

1.e4 c5 2.Nf3 Nc6 3.d4 cxd4 4.Nxd4 Nf6 5.Nc3 d6 6.Bg5 e6 7.Qd2 Be7 8.O-O-O O-O
9.f4 Nxd4 10.Qxd4 Qa5 11.Bc4 Bd7 12.e5 dxe5 13.fxe5 Bc6 14.Qf4 Nd5 15.Bxd5
Bxg5 16.Qxg5 Bxd5 17.Rd4 Rac8 18.Nxd5 exd5 19.Rg4 g6 20.Kb1 Rfe8 21.c3 Re6
22.Rh4 Rb6 23.Rc1 Rxc3 24.Rf1 Rc8 25.Qf4 Rc7 26.Qf2 Qc3 27.Rd4 Qc5 28.Qd2 Rbc6
29.a3 Qc2+ 30.Ka2 Rb6 31.Qxc2 Rxc2 32.Rb1 Rxg2 33.h4 Rh2 34.a4 a5 35.Ka3 Rb4
36.Rxb4 axb4+ 37.Kxb4 Rxh4+ 38.Kb5 Re4 39.Rc1 Rxe5 40.Rc7 d4+ 41.Kc4 b6 42.Rb7
Re6 43.Kxd4 h5 44.Rc7 h4 45.b4 g5 46.a5 bxa5 47.bxa5 h3 {#R} 0-1

[Event "Ch World (juniors) (under 18)"]
[Site "masterchessopen.com Marina d'Or (Spain)"]
[Round "3"]
[White "Senff Martin (GER)"]
[Black "Fernandez Rangel Alejandro (MEX)"]
[Result "1-0"]
[WhiteElo "2395"]
[BlackElo "2213"]

1.e4 c5 2.Nf3 d6 3.d4 cxd4 4.Nxd4 Nf6 5.Nc3 Nc6 6.Bg5 e6 7.Qd2 Be7 8.O-O-O O-O
9.f4 Nxd4 10.Qxd4 Qa5 11.Kb1 Rd8 12.Bc4 Bd7 13.Bb3 Bc6 14.h4 b5 15.f5 b4
16.Ne2 exf5 17.exf5 Qc5 18.Rhe1 h6 19.Nf4 Qxd4 20.Rxd4 Kf8 21.Bxf6 Bxf6
22.Rxb4 Bxh4 23.Rd1 Bf6 24.Bd5 Bxd5 25.Nxd5 Be5 26.Rd3 a5 27.Rb5 a4 28.Nb6 Ra6
29.c4 Ke8 30.Nd5 Rc8 31.Rb7 Rxc4 32.Nc7+ Rxc7 33.Rxc7 Rb6 34.b3 Rb4 35.Rc4
Rxc4 36.bxc4 Ke7 37.Ra3 Kf6 38.Rxa4 Kxf5 39.Ra7 Kg4 40.Rxf7 Kg3 41.a4 Kxg2
42.a5 h5 43.a6 Bd4 44.a7 Bxa7 45.Rxg7+ {#r} 1-0

[Event "It (open)"]
[Site "masterchessopen.com New York (USA)"]
[Round "7"]
[White "Hracek Zbynek (CZE)"]
[Black "Kharlov Andrei (RUS)"]
[Result "1-0"]
[WhiteElo "2615"]
[BlackElo "2575"]

1.e4 c5 2.Nf3 Nc6 3.d4 cxd4 4.Nxd4 Nf6 5.Nc3 d6 6.Bg5 e6 7.Qd2 Be7 8.O-O-O
Nxd4 9.Qxd4 O-O 10.f4 Qa5 11.Kb1 Rd8 12.Be2 Bd7 13.Qe3 h6 14.h4 Bc6 15.Rd3 Kf8
16.Bxf6 Bxf6 17.Bf3 a6 18.g4 g5 19.hxg5 hxg5 20.e5 Bg7 21.exd6 Qb4 22.fxg5
Rxd6 23.Rxd6 Qxd6 24.Bxc6 Qxc6 25.Ne4 Qb5 26.Qa3+ Kg8 27.Nf6+ {#r} 1-0

[Event "It (open)"]
[Site "masterchessopen.com New York (USA)"]
[Round "2"]
[White "Stripunsky Alexander (USA)"]
[Black "Hracek Zbynek (CZE)"]
[Result "1-0"]
[WhiteElo "2520"]
[BlackElo "2615"]

1.e4 c5 2.Nf3 Nc6 3.d4 cxd4 4.Nxd4 Nf6 5.Nc3 d6 6.Bg5 e6 7.Qd2 Be7 8.O-O-O O-O
9.f4 Nxd4 10.Qxd4 Qa5 11.Kb1 h6 12.h4 Rd8 13.Be2 Bd7 14.Qe3 Rac8 15.Rd3 Qc5
16.Qxc5 Rxc5 17.e5 Bc6 18.exf6 gxf6 19.Bxh6 Kh7 20.Bg5 Kg7 21.Rg3 fxg5 22.hxg5
Rh8 23.Rxh8 Kxh8 24.b4 Rf5 25.Rh3+ Kg8 26.g3 a5 27.Bd3 axb4 28.Bxf5 bxc3
29.Bh7+ Kg7 30.Bd3 Kg8 31.g6 Bf6 32.g4 d5 33.g5 Bg7 34.f5 exf5 35.Bxf5 d4
36.Rh4 fxg6 37.Bxg6 b5 38.Be4 Be8 39.g6 Kf8 40.Rh5 Bf6 41.Rc5 Bd7 42.Rc7 Be8
43.Rb7 Be5 44.Bd3 Bf6 45.Rb8 Be5 46.Rb6 Bc7 47.Re6 {#r} 1-0